Asia'senergy future
Salvato in:
| Natura: | Libro |
|---|---|
| Lingua: | Undetermined |
| Pubblicazione: |
Hongkong
East-West Center
2007
|
| Soggetti: | |
| Tags: |
Aggiungi Tag
Nessun Tag, puoi essere il primo ad aggiungerne! !
|
| Thư viện lưu trữ: | Trung tâm Học liệu Trường Đại học Cần Thơ |
|---|
| LEADER | 00540nam a2200169Ia 4500 | ||
|---|---|---|---|
| 001 | CTU_178270 | ||
| 008 | 210402s9999 xx 000 0 und d | ||
| 082 | |a 333.794095 | ||
| 082 | |b A832 | ||
| 245 | 0 | |a Asia'senergy future | |
| 260 | |a Hongkong | ||
| 260 | |b East-West Center | ||
| 260 | |c 2007 | ||
| 650 | |a Energy policy,Energy industries,Chính sách năng lượng,Công nghiệp năng lượng | ||
| 650 | |z Asia,Asia,Châu Á,Châu Á | ||
| 910 | |a Nguyên | ||
| 980 | |a Trung tâm Học liệu Trường Đại học Cần Thơ | ||